5-Letter Girl Names by Decade Quiz Stats

 Plays Quiz Updated Dec 7, 2015

Score 0/130 Timer 08:00
7 Plays Today
% Correct
Sarah
81.7%
Sarah
81.7%
Sarah
81.7%
Sarah
81.7%
Sarah
81.7%
Maria
75.4%
Maria
75.4%
Maria
75.4%
Marie
74.3%
Marie
74.3%
Marie
74.3%
Marie
74.3%
Laura
74.2%
Laura
74.2%
Laura
74.2%
Laura
74.2%
Laura
74.2%
Emily
73.6%
Emily
73.6%
Emily
73.6%
Susan
69.8%
Susan
69.8%
Susan
69.8%
Susan
69.8%
Annie
67.4%
Annie
67.4%
Annie
67.4%
Annie
67.4%
Annie
67.4%
Julie
67%
Julie
67%
Linda
66.4%
Linda
66.4%
Linda
66.4%
Helen
65.5%
Helen
65.5%
Helen
65.5%
Helen
65.5%
Helen
65.5%
Helen
65.5%
Julia
64.6%
Julia
64.6%
Karen
64.5%
Karen
64.5%
% Correct
Karen
64.5%
Karen
64.5%
Grace
63.8%
Grace
63.8%
Grace
63.8%
Grace
63.8%
Grace
63.8%
Alice
63.8%
Alice
63.8%
Alice
63.8%
Alice
63.8%
Alice
63.8%
Alice
63.8%
Carol
61.7%
Carol
61.7%
Carol
61.7%
Betty
61.7%
Betty
61.7%
Betty
61.7%
Diane
60.7%
Diane
60.7%
Nancy
60.6%
Nancy
60.6%
Nancy
60.6%
Nancy
60.6%
Katie
59.8%
Donna
57.7%
Donna
57.7%
Donna
57.7%
Donna
57.7%
Janet
57.6%
Janet
57.6%
Janet
57.6%
Kelly
56.6%
Kelly
56.6%
Kelly
56.6%
Kathy
55.2%
Megan
51%
Megan
51%
Megan
51%
Clara
47.1%
Clara
47.1%
Clara
47.1%
Chloe
45.5%
% Correct
Debra
45%
Debra
45%
Irene
44.6%
Irene
44.6%
Irene
44.6%
Edith
44.2%
Edith
44.2%
Tracy
42.9%
Amber
41.8%
Amber
41.8%
Erica
40.9%
Erica
40.9%
Ethel
40.1%
Ethel
40.1%
Ethel
40.1%
Ethel
40.1%
Ethel
40.1%
Kayla
39.6%
Kayla
39.6%
Doris
39.2%
Doris
39.2%
Doris
39.2%
Faith
38.7%
Tammy
37.1%
Tammy
37.1%
Jamie
35.8%
Joyce
35.8%
Joyce
35.8%
Mabel
32.5%
Mabel
32.5%
Mabel
32.5%
Hazel
31.9%
Hazel
31.9%
Hazel
31.9%
Haley
31.2%
Haley
31.2%
April
31.1%
April
31.1%
Pearl
29.8%
Norma
29%
Norma
29%
Maude
24.8%

You're not logged in!

Compare scores with friends on all Sporcle quizzes.
OR
Log In

Show Comments

Extras

Top Quizzes Today


Score Distribution

Your Account Isn't Verified!

In order to create a playlist on Sporcle, you need to verify the email address you used during registration. Go to your Sporcle Settings to finish the process.

Report this User

Report this user for behavior that violates our Community Guidelines.

Details: